Caṅka ilakkiyattil ceṭikoṭi viḷakkam. (Record no. 86522)

MARC details
000 -LEADER
fixed length control field 00681cam a22002531 4500
001 - CONTROL NUMBER
control field sa 68015564
003 - CONTROL NUMBER IDENTIFIER
control field DLC
005 - DATE AND TIME OF LATEST TRANSACTION
control field 20260227112644.0
008 - FIXED-LENGTH DATA ELEMENTS--GENERAL INFORMATION
fixed length control field 950221m19679999ii a b 000 0 tamo
010 ## - LIBRARY OF CONGRESS CONTROL NUMBER
LC control number sa 68015564
025 ## - OVERSEAS ACQUISITION NUMBER
Overseas acquisition number PL480:I-T-2240
035 ## - SYSTEM CONTROL NUMBER
System control number (OCoLC)32029445
040 ## - CATALOGING SOURCE
Original cataloging agency DLC
Transcribing agency CU
Modifying agency CU
-- OCoLC
-- DLC
050 00 - LIBRARY OF CONGRESS CALL NUMBER
Classification number GR780
Item number .S2
100 1# - MAIN ENTRY--PERSONAL NAME
Personal name Cāmi, Pi. El.,
Dates associated with a name 1925-
245 10 - TITLE STATEMENT
Title Caṅka ilakkiyattil ceṭikoṭi viḷakkam.
250 ## - EDITION STATEMENT
Edition statement [1st ed.]
260 ## - PUBLICATION, DISTRIBUTION, ETC.
Date of publication, distribution, etc. 1967-
300 ## - PHYSICAL DESCRIPTION
Extent v.
Other physical details ill. (part col.)
Dimensions 19 cm.
500 ## - GENERAL NOTE
General note In Tamil.
504 ## - BIBLIOGRAPHY, ETC. NOTE
Bibliography, etc. note Bibliography: v. 1, p.[24] (1st group)
650 #0 - SUBJECT ADDED ENTRY--TOPICAL TERM
Topical term or geographic name entry element Plants
General subdivision Folklore.
650 #0 - SUBJECT ADDED ENTRY--TOPICAL TERM
Topical term or geographic name entry element Botany
Geographic subdivision Sri Lanka.

No items available.

Powered by Koha